000 00739nam a2200205Ii 4500
003 JO-AjNU
008 230605s9999||||xx |||||||||||||| ||und||
040 _aJO-AjNU
_bara
_erda
_cJO-AjNU
041 _aara
050 1 4 _aBP75.2.A36 1992
100 3 _aاحمد، مهدي رزق الله,
_eauthor
_962082
245 0 0 _aالسيرة النبوية في ضوء المصادر الاصلية: دراسة تحليلية
250 _aط1
264 3 1 _aالرياض: مركز الملك فيصل للبحوث والدراسات الاسلامية، 1992
300 _a928ص
336 _atext
_btxt
_2rdacontent
337 _aunmediated
_bn
_2rdamedia
338 _avolume
_bnc
_2rdacarrier
650 4 _aالسيرة النبوية
_962083
999 _aA28094
_c31662
_d31662